One Piece- Les Cinq Doyens(attention Spoil) - Statistiques

Statistiques générales
  • Ce quiz a été pris 106 fois
  • Le résultat moyen est 5 sur 6
Statistiques - réponses
Membres des Cinq Doyens % Correct
Jaygarcia Saturn
95%
Marcus Mars
88%
Shepherd Ju Peter
71%
Figarland Garling
70%
Topman Warcury
69%
Ethanbaron V. Nusjuro
61%
Aucun quiz correspondant
Distribution des résultats
% des personnes avec chaque résultat
Percentile par nombre de réponses
Votre historique - résultats
Vous n’avez pas pris ce quiz